000 01506cam a2200289I 4500
001 4688889
003 ARRUPE
005 20150313150616.0
008 730313s1962 nyu 000 0 eng d
010 _z62021253
035 _a(OCoLC)ocm00577068
035 _a(NNC)4688889
040 _aCWR
_cCWR
_dOCL
_dCPO
_dOCL
050 0 _aPN6112
_b.C7
098 _aBV41
100 1 _aCorrigan, Robert W.
_q(Robert Willoughby),
_d1927-1993,
_eeditor.
_916353
245 1 4 _aThe new theatre of Europe;
_bfive contemporary plays from the European stage, including A man for all seasons, by Robert Bolt, Anna Kleiber, by Alfonso Sastre, Masks of angels, by Notis Peryalis, Pantagleize, by Michel de Ghelderode, Corruption in the Palace of Justice, by Ugo Betti.
_cEdited with an introd. by Robert W. Corrigan, and containing individual essays by the playwrights.
260 _a[New York,
_bDell Pub. Co.]
_c1962.
300 _a399 p.
_c21 cm.
490 1 _aA Delta book
505 0 _av. 1. Man for all seasons / Robert Bolt. Anna Kleiber / Alfonso Sastre. Masks of Angels / Notis Peryalis. Pantagleize / Michel de Ghelderode. Corruption in the palace of justice / Ugo Betti -- v. 2. Mother courage / Bertolt Brecht. Wicked cooks / Günter Grass. Vasco / Georges Schehadé. Cage / Mario Fratti. Suicide / Mario Fratti.
650 0 _aDrama
_y20th century.
_916354
650 0 _aEnglish drama
_xtranslators for foreign literature
_916355
830 0 _aDelta book.
_916356
942 _2lcc
_cMONOGRAPH
999 _c122447
_d122447